Регионална библиотека "Любен Каравелов" - Русе

Криворазбраната цивилизация (Запис номер 155768)

MARC детайли
000 -Лидер
Контролно поле с фиксирана дължина 02724nam a2200433 c 4500
003 - Код на организацията, давaща контролен номер
Контролно поле BLK
005 - Дата и час на последна редакция
Контролно поле 20240229004023.0
008 - Елементи от данни с фиксирана дължина
fixed length control field 180410b bul|||||r ||||||| ||bul||
010 ## - Наследен системен номер
LC control number KNG00162496000
020 ## - Международен стандартен номер на книга ISBN
Международен стандартен номер на книга ISBN 978-954-09-0250-0
-- издат.: Захарий Стоянов
040 ## - Източник на каталожния запис
Идентификатор на билиотеката - собственик на записа BLK
041 ## - Код за език
Код за езика на текст/звукозапис или на отделно заглавие Български
Код за езика КДБФ Български
072 #7 - Код за тематичната категория
Код организация bullib
Код за тематична категория Н84
Текст Българска художествена литература Н
080 ## - УДК
Текстов определител УДК Българска литература
УДК код - определител по УДК 821.163.2
УДК определител -8
УДК - код + определител 821.163.2-8
100 1# - Редна дума - Автор
Автор Войников, Добри Попвасилев
Авторска отговорност първи автор
R(LIN) 366761
139 ## - Редно поле
Редна дума Войников, Добри Попвасилев
Авторски знак Воини - В 80
245 10 - Сведения за заглавието
Заглавие Криворазбраната цивилизация
Редно поле (дума) Добри Попвасилев Войников; състав. Иван Гранитски; * Дочо Николов Леков; * Милен Костадинов Куманов; * Стилиян Хаджидобрев Чилингиров.
257 ## - Страна на издаване
Страна на създаване/издаване България
260 ## - Област на издателските данни
-- София
Име на издателя, разпространителя и проч. Захарий Стоянов
Година на издаване 2008
Печатница София : Образование и наука
300 ## - Физическа характеристика
Страници 363 с.
Размери/Мащаб 20 см
380 ## - Жанр
Жанр Худож. лит.
490 1# - СЕРИИ (Колекции)
Име на серия Поредица Българска класика
500 ## - Общи забележки
Забележка Иван Гранитски - псевд. на Иван Йорданов Димитров. - Съдържа и Редове от биографията / Милен Куманов ; Живот - творчество - идеи / Стилиян Чилингиров ; Длъжност към отечеството и народа ни / Дочо Леков. - Офс. изд. Съдържа : Диалози, драми ; Райна Княгиня ; Криворазбраната цивилизация ; Стихотворения ; Литературна теория и критика ; Фейлетони ; Статии
653 ## - Ключова дума – ненормативна
Ключова дума драми
653 ## - Ключова дума – ненормативна
Ключова дума стихотворения
653 ## - Ключова дума – ненормативна
Ключова дума фейлетони
653 ## - Ключова дума – ненормативна
Ключова дума статии
659 ## - Тематичен бюлетин
Тематичен бюлетин Н
700 1# - Други автори (авторска отговорност)
Лично име Леков, Дочо Николов
Автороска отговорност (Описва отношението между автора и произведението) *
9 (RLIN) 363707
700 1# - Други автори (авторска отговорност)
Лично име Куманов, Милен Костадинов
9 (RLIN) 364365
700 1# - Други автори (авторска отговорност)
Лично име Чилингиров, Стилиян Хаджидобрев
Дати, свързани с автора 1881-1962
9 (RLIN) 410962
700 1# - Други автори (авторска отговорност)
Лично име Гранитски, Иван
Пълна форма на името Димитров, Иван Йорданов
Дати, свързани с автора 1953-
Друга информация Журналист, литературен критик, теоретик и историк, поет, публицист и издател.
Автороска отговорност (Описва отношението между автора и произведението) състав.
9 (RLIN) 55767
852 ## - Местоположение
Форматна сигнатура Цб 269496
856 4# - Електронен адрес и достъп
Електронен формат pdf - файл
Път до файла /url/
856 4# - Електронен адрес и достъп
Електронен формат pdf - файл
Път до файла /url/
942 ## - АРТИКУЛИ
Вид на библиотечния материал Книги
Скрит в OPAC Не
Koha issues (borrowed), all copies 2
944 ## - СЪЗДАВАНЕ И РЕДАКЦИЯ на ЗАПИСА
Създаване/Редакция Създаване
Дата на регистрацията/редакция 27.06.2014
Статус, дата на статуса CRON CRON
Служител, извършил регистрацията/редакцията
944 ## - СЪЗДАВАНЕ И РЕДАКЦИЯ на ЗАПИСА
Създаване/Редакция Редакция
Дата на регистрацията/редакция 06.08.2014
Статус, дата на статуса ф /
Служител, извършил регистрацията/редакцията
999 ## - СИСТЕМНИ КОНТРОЛНИ НОМЕРА
Koha biblionumber 155768
Koha biblioitemnumber 155768
Наличности
Код за отписване Код за изгубен артикул Код за повреда Коз за рестрикции Код за отдаване Артикулен № Име на библиотеката - собственик Име на библиотеката, в която се намира в момента Статус (Текущо местоположение) Дата на вписване в системата Местоположение - отдел Цена в лева Инвентарен номер Систематично азбучна сигнатура Баркод Номер на екземпляра Цена в евро Служебна бележка Служебен тип на артикула
  Не е изгубен Не е повреден без рестрикции заемане за дома 261261 Регионална библиотека "Любен Каравелов" Русе Регионална библиотека "Любен Каравелов" Русе Заемна - подръчен фонд 2014-06-27 Заемна - подръчен фонд 9.00 120000778699 П 886.7-8/В 80 120000778699 1 4.60 Дост: DA Вид: А N: 12 Дата: 27.06.2014 Дата инв: 14.02.2018 Бележки инв: П2018 Книги
Vip Innovations Ltd, Rousse, Bulgaria 2025